000 01267nam a2200361 c 4500
001 44084
003 ES-MaCES
005 20210721182335.0
007 cr |||||||||||
008 100910s2010 sp |||||||||||00||0 spa|d
035 _a0008600000242
040 _aES-MaCES
_bspa
_cES-MaCES
245 0 0 _aDictamen 6/2010, sobre el Anteproyecto de Ley de tasas consulares
300 _a9 p. (83,32 kb)
593 _cEconomía y Fiscalidad
_iD-006-2010
_f20100721
_rOrdinaria
_sPleno ordinario
_vPresentes: 43: 40 sí, 1 abst.
650 4 _aEspaña
_926964
650 4 _arégimen jurídico
_929894
650 4 _arelaciones internacionales
_926675
650 4 _aservicio diplomático
_928003
650 4 _adiplomacia
_926686
650 4 _acontrol de los precios
_927916
650 4 _afijación del precio
_928285
650 4 _apolítica de precios
_927917
650 4 _atributación
_928093
653 1 0 _aFiscalidad
650 4 _928086
_aimpuesto
700 1 _aPujol Segarra, Joan
_eponente
_921498
710 1 _aEspaña
_bMinisterio de Asuntos Exteriores y de Cooperación
_esolicitante
_93227
856 _uhttp://www.ces.es/documents/DIC/2010/06
_ytexto completo
902 _aDictamen
942 _2CES
_cDI
_h0.1.
999 _c44084
_d44084